000 00529 a2200205 4500
005 20260501123000.0
008 260430b |||||||| |||| 00| 0 eng d
020 _a9788183296120
_cRs. 2800.00
040 _aMAIN
082 _a571.6
_bS87G
100 _aSaurav Singh
245 _aGenetic analysis in cell biology
260 _bShree Publishers and Distributors
_c2022
_aNew Delhi
300 _avi, 272
650 _aBiology
650 _aPhysiology
650 _aCellular Biology
650 _aCytology
942 _cBK
999 _c396801
_d396801